000
00297nam a22001217a 4500
008
181019b xxu||||| |||| 00| 0 eng d
041
_a
eng
080
_2
2nd
_a
617
100
_a
8
101
_a
ORT
245
_a
The Orthopaedic Management of Spina Bifida Cystica
_c
Menelaus,M.B
942
_2
udc
_c
BK
999
_c
50224
_d
50224